000 00365nam a2200145Ia 4500
005 20250729165439.0
008 250729s2005 xx 000 0 und d
041 _aeng
082 _a500 BHAG
100 _aBhandarkar L Sreekar
_9224046
245 _aThe Great Scientist-Charles Babbage
260 _aBangalore
_c2005
300 _a32p
650 _aScience
_9224047
999 _c236216
_d236216